Internationalization-the people dimension: human resource strategies for global expansion. (Record no. 575)

MARC details
000 -LEADER
fixed length control field 00525nam a2200169Ia 4500
008 - FIXED-LENGTH DATA ELEMENTS--GENERAL INFORMATION
fixed length control field 240428s9999||||xx |||||||||||||| ||und||
020 ## - INTERNATIONAL STANDARD BOOK NUMBER
International Standard Book Number 0749424648
041 ## - LANGUAGE CODE
Language code of text/sound track or separate title eng
082 ## - DEWEY DECIMAL CLASSIFICATION NUMBER
Classification number 338.6P
100 ## - MAIN ENTRY--PERSONAL NAME
Personal name Perkins, J. Stephen
245 #0 - TITLE STATEMENT
Title Internationalization-the people dimension: human resource strategies for global expansion.
260 ## - PUBLICATION, DISTRIBUTION, ETC.
Name of publisher, distributor, etc. Kogan Page Limited
Place of publication, distribution, etc. London
Date of publication, distribution, etc. 1997
300 ## - PHYSICAL DESCRIPTION
Extent 304p, tabs, photos, illus.
650 ## - SUBJECT ADDED ENTRY--TOPICAL TERM
Topical term or geographic name entry element Employees -- Recruiting. - Employment in foreign countries.
942 ## - ADDED ENTRY ELEMENTS (KOHA)
Koha item type Books
Holdings
Withdrawn status Lost status Damaged status Not for loan Home library Current library Shelving location Date acquired Total checkouts Full call number Date last seen Copy number Price effective from Koha item type
        Main Library Main Library Open Shelves 08/02/2022   338.6P 674 C1 29/04/2024 1 29/04/2024 Books
©2026  Parliament of Ghana Library - All rights reserved